Etica sin moral /

সংরক্ষণ করুন:
গ্রন্থ-পঞ্জীর বিবরন
প্রধান লেখক: Cortina, Adela (autor)
বিন্যাস: গ্রন্থ
ভাষা:স্প্যানিশ
প্রকাশিত: Madrid, España : Tecnos, 2000, c2000
সংস্করন:4a edición
মালা:(Ventana Abierta)
বিষয়গুলি:
ট্যাগগুলো: ট্যাগ যুক্ত করুন
কোনো ট্যাগ নেই, প্রথমজন হিসাবে ট্যাগ করুন!

MARC

LEADER 00000nam^a2200000^a^4500
001 000109020
005 20250521000000.0
009 20260526122434.808
020 |a 84-309-3-493-6 
037 |a Acervo ITESO - Biblioteca 
041 |a ESP 
082 |a 170.  |b COR 
100 |a Cortina, Adela  |e (autor) 
245 1 0 |a Etica sin moral /  |c A. Cortina. 
250 |a 4a edición 
264 4 |a Madrid, España :  |b Tecnos,  |c 2000, c2000 
300 |a 318 p. 
336 |a texto  |b txt  |2 rdacontenido 
337 |a sin mediación  |b n  |2 rdamedio 
338 |a volumen  |b nc  |2 rdasoporte 
440 1 |a (Ventana Abierta) 
521 |a 2011 BO Licenciatura en Derecho 
649 |a XX 
650 |a Democracia 
650 |a Derechos Humanos 
650 |a Solidaridad 
650 |a Género -  |x Aspectos Eticos 
650 |a Etica Política 
650 |a Etica Jurídica 
650 |a Etica 
650 |a Modernidad y Posmodernidad 
650 |a Sociedad Postindustrial 
650 |a Filosofía 
910 |a Fondo General 
920 |a Impresos - Libros 
930 |a Colección General 
905 |a 101 
901 |a 0500045997  |b IT1  |c ACC  |u 20250521 
901 |a 0500045381  |b IT1  |c ACC  |u 20250521 
902 |a https://opac.biblio.iteso.mx/vufind/Record/000109020